Normal view
MARC view
Entry Personal Name
001 - CONTROL NUMBER
- control field: 89302
003 - CONTROL NUMBER IDENTIFIER
- control field: dpl
005 - DATE AND TIME OF LATEST TRANSACTION
- control field: 20260604122706.0
008 - FIXED-LENGTH DATA ELEMENTS
- fixed length control field: 260604|| aca||aabn | a|a d
040 ## - CATALOGING SOURCE
- Original cataloging agency: dpl
- Transcribing agency: dpl
100 ## - HEADING--PERSONAL NAME
- Personal name: Das, Gautam
670 ## - SOURCE DATA FOUND
- Source citation: Work cat.: (dpl)216496: Das, Gautam, Learning the Hard Way from India's Wars, Tactical Military Operations and Anti-Secessionist Campaigns/, 2026
